Las transformaciones del empleo público costarricense = The costarican public job's transformation /
Se describe la figura del empleo público dentro del modelo estatal, así como su ubicación dentro de la evolución del Estado durante el Siglo XX; considerando su aplicación y las transformaciones en el Derecho Costarricense contemporáneo.
Guardado en:
| Hovedforfatter: | |
|---|---|
| Format: | Texto |
| Fag: | |
| Tags: |
Tilføj Tag
Ingen Tags, Vær først til at tagge denne postø!
|
MARC
| LEADER | 00000 a a2200000 04500 | ||
|---|---|---|---|
| 001 | 43143 | ||
| 003 | |||
| 040 | |||
| 100 | |a Ramírez Granados, Mario A. | ||
| 245 | |a Las transformaciones del empleo público costarricense = |b The costarican public job's transformation / |c Mario A. Ramírez Granados | ||
| 500 | |a maragra77@yahoo.com | ||
| 520 | |a Se describe la figura del empleo público dentro del modelo estatal, así como su ubicación dentro de la evolución del Estado durante el Siglo XX; considerando su aplicación y las transformaciones en el Derecho Costarricense contemporáneo. | ||
| 590 | |a KSR/SETIEMBRE2012 | ||
| 650 | |a 1.EMPLEO | ||
| 650 | |a 3.GOBIERNO | ||
| 650 | |a 4.AJUSTE ESTRUCTURAL | ||
| 650 | |a 5.ESTABILIDAD LABORAL | ||
| 650 | |a 6.DERECHO ADMINISTRATIVO | ||
| 650 | |a 7.COSTA RICA | ||
| 773 | |g número128 ( , 2010), páginas 87-95 | ||
| 999 | |c 32590 |d 32590 | ||
| 773 | 0 | |0 18728 |9 3018 |a Universidad de Costa Rica |d San José, Costa Rica Editorial UCR 1956- |o 13130 |t Revista de Ciencias Sociales/ |x 04825276 | |
